1956 1637 1476 1416 1542 1431 1579 1632 1203 1504 1227 1756 1489 1679 1337 1019 1554 1567 1384 1273 1258 1311 1272 1717 1265 1988 1903 1740 1238 1322 1235 1868 1998 1820 1418 1307 1798 1513 1562 1545 1451 1320 1276 1745 1479 1089 1409 1504 1391 1789 1417 1485 1715 1283 1229 1103 1361 1033 1484 1151 1846 1678 1196 1662 1506 1397 1546 1137 1882 1536 1248 1791 1063 1246 1602 1512 1638 1703 1372 1422 1815 1802 1702 1620 1359 1693 1797 1217 1307 1408 1862 1357 1110 1333 1424 1362 1574 1599 1103 BCNSPRNW ULIB Ver.6.0+V

เปลี่ยนเป็นภาษาไทย

Change to English
 แสดงรายละเอียดบรรณานุกรม
  กลับหน้าหลัก

Brief Record : Get Marc (ISO 2709) : E-mail record : QR code < ปิดหน้าต่าง
LEADER : 00000nam 2200000uu 4500
001    13399110931
003     ULIB
008    110613s||||||||th 000 0 tha d
020    9749183320
050  4 AC158^bบ821ด 2004
100    เบรนดรา วัลโพล
245    เด็กๆรู้ไหมทำไมดวงอาทิตย์ขึ้นยามเช้า /^cผู้แต่ง เบรนดรา วัลโพล
260    กรุงเทพฯ : ^bโกรเลียร์ อินเตอร์เนชั่นแนล, ^c2004
300    32 หน้า : ^bภาพประกอบสี ; ^c28 ซม.
650  7 ความรู้รอบตัว
650  7 ดวงอาทิตย์
650  7 เวลาเช้า
945    ^p350^l0^i029021
995    ทศพร
999 ^a ใช้งานได้ทุกระบบ
รายการนี้ยังไม่มีแท็ก
คุณยังไม่ได้ล็อกอิน คุณสามารถมีกิจกรรมร่วมกับเว็บไซต์ได้ แต่ต้องล็อกอินก่อน ::
  ล็อกอิน

รายการสื่อสารสนเทศ

ลำดับที่ ประเภท เลขเรียก/บาร์โค้ด สถานที่ สถานะ
- ไม่พบข้อมูล -

รายการใกล้เคียง
    หัวเรื่อง [ความรู้รอบตัว]

BibComment


ยังไม่เคยถูกคอมเมนท์

คอมเมนท์ทรัพยากรรายการนี้
  คอมเมนท์: เด็กๆรู้ไหมทำไมดว..


 Copyright 2026. Bcnsprnw @Library